000 00252nam a2200109Ia 4500
008 190919s9999||||xx |||||||||||||| ||und||
100 _aRicky W.Grffin
245 0 _aBusiness
260 _aNew Delhi
_bMcGraw Hill
_c1999
300 _a475
942 _cBK
999 _c10566
_d10566